2020 MotoGP Riders - Statistics

General Stats
  • This quiz has been taken 248 times
  • The average score is 18 of 22
Answer Stats
Team Country Rider % Correct
Repsol Honda Team 73 Spain Álex Márquez
99%
Repsol Honda Team 93 Spain Marc Márquez
99%
Monster Energy Yamaha MotoGP 46 Italy Valentino Rossi
97%
Team SUZUKI ECSTAR 42 Spain Álex Rins
95%
Aprilia Racing Team Gresini 41 Spain Aleix Espargaró
92%
Pramac Racing 43 Australia Jack Miller
92%
Red Bull KTM Factory Racing 44 Spain Pol Espargaró
92%
Petronas Yamaha SRT 20 France Fabio Quartararo
90%
Red Bull KTM Factory Racing 33 South Africa Brad Binder
89%
Petronas Yamaha SRT 21 Italy Franco Morbidelli
89%
Monster Energy Yamaha MotoGP 12 Spain Maverick Viñales
89%
Ducati Team 04 Italy Andrea Dovizioso
88%
Team SUZUKI ECSTAR 36 Spain Joan Mir
86%
Ducati Team 9 Italy Danilo Petrucci
85%
Pramac Racing 63 Italy Francesco Bagnaia
84%
LCR Honda 30 Japan Takaaki Nakagami
84%
Red Bull KTM Tech 3 88 Portugal Miguel Oliveira
83%
LCR Honda 35 United Kingdom Cal Crutchlow
77%
Aprilia Racing Team Gresini 29 Italy Andrea Iannone
63%
Red Bull KTM Tech 3 27 Spain Iker Lecuona
59%
Avintia Racing 53 Spain Tito Rabat
59%
Avintia Racing 17 Czech Republic Karel Abraham
55%
No matching quizzes found
Score Distribution
Percent of People with Each Score
Percentile by Number Answered
Your Score History
You have not taken this quiz